Flag-Country Matching Quiz #2 - Sudden Death - Statistics

General Stats
  • This quiz has been taken 644 times
  • The average score is 10 of 15
Answers on the Grid
Answers color-coded by a green-red scale on the quiz's grid according to % correct below.
New Zealand
Netherlands
Georgia
Libya
Bhutan
Iran
Jamaica
Peru
Iraq
Chile
Kiribati
Serbia
Estonia
Gabon
Ethiopia
Morocco
Mauritius
Guatemala
Singapore
Finland
Papua New Guinea
Marshall Islands
North Macedonia
Kosovo
Taiwan
Cuba
Angola
Portugal
South Sudan
Kyrgyzstan
 
Answer Stats
Answer % Correct
Portugal
72%
Jamaica
71%
North Macedonia
69%
Morocco
69%
Netherlands
69%
Bhutan
67%
Chile
67%
Papua New Guinea
65%
Peru
64%
Angola
63%
Ethiopia
63%
Serbia
63%
Cuba
63%
Kyrgyzstan
60%
Guatemala
50%
No matching quizzes found
Score Distribution
Percent of People with Each Score
Percentile by Number Answered
Your Score History
You have not taken this quiz